000 01296nam0a2200361 4500
001 RU\NLR\BIBL_A\010193282
005 20250613222007.0
010 _a978-5-91045-660-4
_93000
021 _aRU
_b2014-83526
_95076
021 _aRU
_b2013-103321
_97177
035 _a(NILC)RuMoRGB-006718937
035 _a(NLR Aleph) 010193282
090 _a10208621
_c10208621
100 _a20140219d2014 |||y0rusy50 ca
101 0 _arus
102 _aRU
105 _aa|||z||||00zy
200 1 _aДед Мороз, Йоулупукки, Бефана и другие
_e[для младшего школьного возраста]
_fхудож. А. Кьюсак
210 _aМосква
_cИзд. дом Мещерякова
_d2014
_d[т.е. 2013]
215 _a45, [2] с.
_cцв. ил.
_d29
300 _aКн. фактически изд. в 2013 г.
333 _a6 +
600 0 _aДед Мороз
_jИздания для детей
_92608714
_3RU\NLR\AUTH\661545272
675 _a087.5:398.332.424
686 0 _aШ9
_bЧ71
702 1 _aКьюсак
_bА.
_gАнастасия
_4440
801 0 _aRU
_bRuMoRKP
_c20131219
_gRCR
801 2 _aRU
_bРГБ
_c20140117
_grcr
942 _cBOOK
980 _aNB